000 00296nam a22001217a 4500
008 230620b xxu||||| |||| 00| 0 eng d
082 _a309.1
_bBAL
100 _cCrril Bailey
245 _aThe Legacy of Rome
260 _alondon
_boxford university press
_c1951
300 _a512p
942 _2ddc
_cBK
999 _c1463
_d1463